000 00664pam a2200181 a 4500
020 _a0689505639 :
040 _cDLC
082 0 0 _a307 MAX 1992 A066 Or.
100 1 _aHouston, James A.,
245 1 0 _aDrifting snow :
_ban Arctic search /
250 _a1st ed.
260 _aNew York :
_bMcElderry Books ;
_aToronto :
_bMaxwell Macmillan Canada ;
_aNew York :
_bMaxwell Macmillan International,
_cc1992.
300 _a150 p. :
_bill. ;
_c22 cm.
520 _aHaving been taken from her Arctic home when a tiny child, a teenager returns to look for her parents and learn once again about her Eskimo culture.
650 0 _aEskimos
650 1 _aEskimos
942 _cEK
999 _c14223
_d14223